000 00398nam a2200169Ia 4500
005 20140405084202.0
008 140130s9999 xx 000 0 und d
050 _aPZ 7
_b.Su958 1989
245 _cSunshine, Madeline
_aKid Dynobite
260 _bScholastic,
_c1989
300 _a32 p. :
_bill. ;
_c22 cm.
440 _v1
521 _aG1
526 _c220
942 _cBK
_2lcc
999 _c39985
_d39985